Statistics for Manu Samoa Rugby - 10 or more test tries

Click here to take the quiz!

General Stats

  • This quiz has been taken 45 times
    (6 since last reset)
  • The average score is 3 of 9

Answer Stats

Tries Player % Correct
29Brian Lima
100%
17Alesana Tuilagi
100%
15Afato So'oalo
33%
12To'o Vaega
33%
12David Lemi
33%
17Semo Sititi
0%
14Lome Fa'atau
0%
10Ed Fidow
0%
10George Leaupepe
0%

Score Distribution

Percentile by Number Answered

Percent of People with Each Score

Your Score History

You have not taken this quiz since the last reset